000 00792nas a2200265 4500
001 BR9703793
003 BR-BrBNA
005 20231205100401.0
007 ta
008 230509b bl.|||p| |||| 00| 00por d
040 _aBR-BrBNA
_bpor
_cBiblioteca Nacional de Agricultura
041 _a(Pt)
072 _aF02
100 1 _aSampaio, V.R.
100 1 _aSimao, S.
245 1 _aEfeitos de filtros e alturas de enxertia no desenvolvimento e producao da mangueira, var. Tommy Atkins
650 _aManga
650 _aEnxerto
650 _aFruticultura
650 _aFiltro
650 _aReproducao Vegetal
773 0 _tScientia Agricola (Brazil)
_xISSN 0103-9016
_g(Jan-Apr 1996), v. 53(1) p. 190-193
_wBR9703793
909 _a202311
_bLúcia
_c55
_dLúcia Elande
942 _2AGRIS
_n0
_cANA
999 _c155701
_d155701